| 000 | 00515nam a2200181Ia 4500 | ||
|---|---|---|---|
| 003 | GCL | ||
| 008 | 140319s9999 xx 000 0 ara d | ||
| 040 |
_aGCL / _cGCL |
||
| 082 | 0 | 4 |
_a953.0769 _bع ت |
| 100 | 1 | _aعفاف سيد صبره | |
| 245 | 1 | 0 |
_aالتاريخ السياسى للدولة الخوارزمية / _cعفاف سيد صبره |
| 300 | _a318 ص | ||
| 490 |
_a100 قصة _v0 |
||
| 650 | 0 | 4 | _aايران |
| 650 | 0 | 4 | _aالتاريخ الاسلامى |
| 650 | 0 | 4 | _aخوارزم |
| 942 |
_2ddc _cBK |
||
| 999 |
_c43560 _d43560 |
||